| 000 | 00745nam a2200229 a 4500 | ||
|---|---|---|---|
| 999 |
_c6358 _d6358 |
||
| 001 | 6358 | ||
| 003 | BD-JhCC | ||
| 005 | 20180122093129.0 | ||
| 008 | 180121s bg |||| || | 000 0 ben d | ||
| 035 | _a(BD-JhCC)6358 | ||
| 040 |
_aBD-JhCC _dBD-JhCC |
||
| 041 | _aben | ||
| 082 |
_a297.18 _bISL |
||
| 100 | _aইসলাম, মাযহারুল | ||
| 245 |
_aহযরত বেলাল (রাঃ) / _cমাযহারুল ইসলাম; মুনতাজুল মোহাদ্দেসীন |
||
| 260 |
_aঢাকা : _bসঞ্চিতা, |
||
| 300 |
_a45 p. : _c22 cm. |
||
| 650 | _aMuslim Legend | ||
| 700 | _aমোহাদ্দেসীন, মুনতাজুল | ||
| 942 |
_2ddc _cBK |
||